| Registos Bibliográficos associados ao registo de autoridade |
|
Etiqueta de registo: 00230nam 2200025 450 001 1799474 003 http://id.bnportugal.gov.pt/bib/catbnp/1799474 010 ## $a978-989-655-008-0 021 ## $aPT$b285527/08 100 ## $a20120104d2008 em y0pory0103 ba 101 0# $apor eng eng 102 ## $aPT 105 ## $aa z 000yc 106 ## $ar 200 1# $aNa alma dos Anjos$ebiografia oficial$fMarcos Pinto, Nelson Rosado, Sérgio Rosado$gfot. Joana Baptista... [et al.]$g[pref. António Sala] 205 ## $a1ª ed 210 #9 $a[Lisboa]$cPrime Books,$d2008 [D.L. 2011] 215 ## $a174 p.$cil.$d23 cm 225 2# $aMúsica 327 1# $aInclui: Song book, 10 maiores êxitos 675 ## $a929Rosado, Nelson$vBN$zpor$31509341 675 ## $a929Rosado, Sérgio$vBN$zpor$31509342 675 ## $a78Rosado, Nelson$vBN$zpor$31509343 675 ## $a78Rosado, Sérgio$vBN$zpor$31509344 700 #1 $aPinto,$bMarcos,$f1979-$31382212 701 #0 $aAnjos$4070$31512377 701 #0 $aAnjos$4070$31512377 702 #1 $aSala,$bAntónio,$f1949-$4080$355018 702 #1 $aBaptista,$bJoana$4600$31479354 801 #0 $aPT$bBN$gRPC 856 41 $uhttp://rnod.bnportugal.gov.pt/ImagesBN/winlibimg.aspx?skey=&doc=1799474&img=4231&save=true 900 ## $aBIBNAC$d20121119 966 ## $lBN$mFGMON$sH.G. 62255 V.$x1 966 ## $lBN$mFGMON$sH.G. 62255 V.-D$x1
Etiqueta de registo: 00230nam 2200025 450 001 1716099 003 http://id.bnportugal.gov.pt/bib/catbnp/1716099 010 ## $a978-989-8028-60-0 021 ## $aPT$b266631/07 100 ## $a20090617d2007 m y0pory0103 ba 101 0# $apor 102 ## $aPT 105 ## $aa z 000yy 106 ## $ar 200 1# $aNo ar$e100 histórias da rádio$fMarcos Pinto 205 ## $a1ª ed 210 #9 $a[Parede]$cPrime Books,$d2007 215 ## $a175 p.$cil.$d23 cm 675 ## $a7.096(469)$vBN$zpor$31388022 700 #1 $aPinto,$bMarcos,$f1979-$31382212 801 #0 $aPT$bBN$gRPC 900 ## $aBIBNAC$d20090921 966 ## $lBN$mFGMON$sB.A. 30044 V.$x1 966 ## $lBN$mFGMON$sB.A. 30044 V.-D$x1
Etiqueta de registo: 00000nam 2200025 450 001 2283377 003 http://id.bnportugal.gov.pt/bib/catbnp/2283377 010 ## $a978-989-38-0860-3 021 ## $aPT$b558143/25 100 ## $a20260401d2026 m y0pory01030103ba 101 0# $apor 102 ## $aPT 105 ## $ay z 000ay 106 ## $ar 200 1# $aViver sem limites$ecrónicas de uma vida em Mogadíscio$fAndreia Fausto$gpref. Marcos Pinto 210 #9 $aLisboa$cPrimeiro Capítulo,$d2026 215 ## $a136, [2] p.$d23 cm 700 #1 $aFausto,$bAndreia$31994452 702 #1 $aPinto,$bMarcos,$f1979-$4080$31382212 801 #0 $aPT$bBN$gRPC 966 ## $lBN$mFGMON$x1 966 ## $lBN$mFGMON$x1 971 ## $corlando$d20260401
|
|
|